[Event "Werner-Ott-Open Kreuzberger Sommer 2017"]
[Site "Berlin"]
[Date "2017.07.16"]
[Round "2.1"]
[White "Silz, Elisa"]
[Black "Stern, Rene"]
[Result "0-1"]
[WhiteElo "1919"]
[BlackElo "2427"]
[PlyCount "164"]
[EventDate "2017.??.??"]
[WhiteTeam "SV Empor Berlin"]
[BlackTeam "SK Koenig Tegel 1949"]

1. d4 Nf6 2. Nf3 e6 3. c4 d5 4. Nc3 Nbd7 5. Bg5 c6 6. e3 Qa5 7. Nd2 dxc4 8.
Bxf6 Nxf6 9. Nxc4 Qc7 10. g3 Be7 11. Bg2 O-O 12. Rc1 Rd8 13. O-O Bd7 14. Ne5
Be8 15. Qb3 Rac8 16. Rfd1 Qb8 17. Nd3 b6 18. a3 Nd5 19. Nxd5 cxd5 20. Rd2 Bd6
21. Rdc2 Rxc2 22. Qxc2 Bd7 23. Bf1 g6 24. Qd2 Kg7 25. Rc3 Rc8 26. Qc2 Rxc3 27.
Qxc3 f6 28. Bh3 Kf7 29. Nb4 Qb7 30. Nd3 Ke7 31. Bf1 Be8 32. Nb4 Bd7 33. Ba6 {
(=)} Qc7 34. Qxc7 Bxc7 35. Be2 a5 36. Nd3 e5 37. dxe5 fxe5 38. f4 e4 39. Nf2
Bd6 40. Nd1 Bc5 41. Kf2 d4 42. exd4 Bxd4+ 43. Kf1 h5 44. Nc3 Bh3+ 45. Ke1 Bf5
46. Kf1 Kd6 47. Kg2 Be3 48. h3 Bc1 49. g4 hxg4 50. hxg4 Bd7 51. Nxe4+ Kc7 52.
b3 Bxa3 53. Bd1 Bc1 54. Kg3 b5 55. Nc5 Be8 56. f5 g5 57. Nd3 Bd2 58. Kf3 Kd6
59. Ke4 Bc3 60. Nc1 Bc6+ 61. Kd3 Ba1 62. Ke3 Bc3 63. Ne2 Be5 64. Nd4 Bd7 65.
Kd3 Bf6 66. Nf3 Bc6 67. Nd4 Be8 68. Nf3 Bf7 69. Nd2 Ke5 70. Ne4 Be7 71. Nc3 Be8
72. Ne2 Bc5 73. Ng3 Bc6 74. Nf1 Be4+ 75. Kc3 Bd4+ 76. Kd2 Kf4 77. Nh2 Kg3 78.
Nf1+ Kf2 79. Be2 a4 80. bxa4 bxa4 81. Bc4 a3 82. Nh2 Be5 0-1

[Event "Werner-Ott-Open Kreuzberger Sommer 2017"]
[Site "Berlin"]
[Date "2017.07.16"]
[Round "2.2"]
[White "Abel, Dennes"]
[Black "Jurkatis, Hagen"]
[Result "1-0"]
[WhiteElo "2442"]
[BlackElo "1961"]
[PlyCount "95"]
[EventDate "2017.??.??"]
[WhiteTeam "SF Berlin 1903"]
[BlackTeam "SG Weissensee 49"]

1. Nf3 d6 2. d4 f5 3. g3 Nf6 4. Bg2 g6 5. b3 Bg7 6. Bb2 O-O 7. O-O c6 8. c4 Qc7
9. Qc2 Re8 10. Nbd2 Na6 11. Rad1 e5 12. c5 exd4 13. cxd6 Qxd6 14. Nc4 Qc7 15.
Bxd4 Ne4 16. Bxg7 Qxg7 17. Nd6 Nxd6 18. Rxd6 Nb4 19. Qc4+ Nd5 20. Nd4 Kh8 21.
Bxd5 cxd5 22. Qxd5 f4 23. Ne6 Bxe6 24. Rxe6 Rxe6 25. Qxe6 Rf8 26. Rd1 fxg3 27.
hxg3 Qf7 28. Qxf7 Rxf7 29. f4 Kg7 30. Kf2 Kf6 31. Rd6+ Ke7 32. Rd3 Ke6 33. Kf3
Rc7 34. g4 Rc1 35. Re3+ Kf6 36. g5+ Kf7 37. Re4 Rc3+ 38. e3 Rc7 39. a4 a6 40.
Rc4 Rd7 41. b4 Ke6 42. Ke4 Rf7 43. Rc5 Rd7 44. Re5+ Kf7 45. b5 axb5 46. axb5 b6
47. Rd5 Re7+ 48. Kd4 1-0

[Event "Werner-Ott-Open Kreuzberger Sommer 2017"]
[Site "Berlin"]
[Date "2017.07.16"]
[Round "2.3"]
[White "Jaeger, Andre"]
[Black "Malek, Daniel"]
[Result "0-1"]
[WhiteElo "1958"]
[BlackElo "2326"]
[PlyCount "48"]
[EventDate "2017.??.??"]
[WhiteTeam "SC Rochade"]
[BlackTeam "SK Zehlendorf"]

1. d4 Nf6 2. c4 e6 3. Nc3 Bb4 4. f3 c5 5. d5 O-O 6. e4 d6 7. Bd3 Nbd7 8. dxe6
fxe6 9. f4 d5 10. cxd5 exd5 11. exd5 Nb6 12. Nge2 c4 13. Bc2 Bc5 14. Ne4 Nxe4
15. Bxe4 Bf5 16. Qc2 Bxe4 17. Qxe4 Re8 18. Qf3 Nxd5 19. Bd2 Ne3 20. Rc1 Qb6 21.
Bxe3 Bxe3 22. Qd5+ Kh8 23. Rc2 Bf2+ 24. Kf1 Rad8 0-1

[Event "Werner-Ott-Open Kreuzberger Sommer 2017"]
[Site "Berlin"]
[Date "2017.07.16"]
[Round "2.4"]
[White "Klenburg, Michael"]
[Black "Gelman, Josef"]
[Result "1/2-1/2"]
[WhiteElo "2362"]
[BlackElo "1921"]
[PlyCount "112"]
[EventDate "2017.??.??"]
[WhiteTeam "Beer Sheva CC"]
[BlackTeam "SC Weisse Dame"]

1. e4 e5 2. Nf3 Nf6 3. Nc3 Nc6 4. Bb5 d6 5. d3 Be7 6. O-O O-O 7. Ne2 Bg4 8. c3
Bxf3 9. gxf3 Nh5 10. Ng3 Nxg3 11. hxg3 Bg5 12. f4 exf4 13. gxf4 Bh6 14. d4 Qh4
15. Qf3 f5 16. e5 Ne7 17. Qg3 Qg4 18. Kh2 Ng6 19. f3 Qxf4 20. Bxf4 Bxf4 21.
Qxf4 Nxf4 22. Bd7 dxe5 23. dxe5 Rf7 24. Rad1 Re7 25. Rfe1 Ng6 26. Bxf5 Nxe5 {
(=)} 27. Be4 Rb8 28. Kg3 c6 29. b4 Nd7 30. Rh1 Nf6 31. Bd3 b5 32. c4 a6 33.
cxb5 axb5 34. Rc1 Rd8 35. Bc2 Rd6 36. a4 bxa4 {(=)} 37. Bxa4 Rd4 38. Rh4 Rxh4
39. Kxh4 Nd5 40. b5 Rf7 41. Kg3 Rf4 42. Bb3 Rb4 43. Bc4 Kf8 44. bxc6 Nc7 45.
Bd3 g6 46. Be4 Rd4 47. Rb1 Rd8 48. Kf4 Ke7 49. Ke5 Rd6 50. Rb7 Re6+ 51. Kf4 Kd6
52. Rb8 Re8 53. Rb1 Nd5+ 54. Bxd5 Kxd5 55. Rb7 Rf8+ 56. Kg4 h5+ {(=)} 1/2-1/2

[Event "Werner-Ott-Open Kreuzberger Sommer 2017"]
[Site "Berlin"]
[Date "2017.07.16"]
[Round "2.5"]
[White "Brandt, Silvio"]
[Black "Muse, Drazen"]
[Result "0-1"]
[WhiteElo "1880"]
[BlackElo "2278"]
[PlyCount "50"]
[EventDate "2017.??.??"]
[WhiteTeam "SK Großlehna"]
[BlackTeam "SK Koenig Tegel 1949"]

1. e4 g6 2. d4 Bg7 3. Be3 c5 4. c3 Nf6 5. f3 d5 6. e5 Nfd7 7. Qd2 cxd4 8. cxd4
Nc6 9. h4 h5 10. e6 fxe6 11. Bd3 Nf8 12. f4 Bxd4 13. Bxd4 Nxd4 14. Bxg6+ Nxg6
15. Qxd4 Qb6 16. Qxb6 axb6 17. Ne2 Rf8 18. g3 e5 19. Nbc3 d4 20. Nd5 Ra5 21.
Nxb6 Bg4 22. Nc4 Rc5 23. Na3 exf4 24. gxf4 Nxf4 25. Nxd4 e5 0-1

[Event "Werner-Ott-Open Kreuzberger Sommer 2017"]
[Site "Berlin"]
[Date "2017.07.16"]
[Round "2.6"]
[White "Melamed, Tatjana"]
[Black "Matitschka, Heinz"]
[Result "1-0"]
[WhiteElo "2304"]
[BlackElo "1840"]
[PlyCount "67"]
[EventDate "2017.??.??"]
[WhiteTeam "AE Magdeburg"]
[BlackTeam "TSG Oberschoeneweide"]

1. e4 e6 2. d4 d5 3. Nd2 Nf6 4. e5 Nfd7 5. Bd3 c5 6. c3 Nc6 7. Ne2 cxd4 8. cxd4
f6 9. exf6 Nxf6 10. O-O Bd6 11. Nf3 Qc7 12. Nc3 a6 13. Be3 O-O 14. Rc1 Bd7 15.
Na4 Be8 16. Ng5 Qe7 17. Nc5 Bxc5 18. Rxc5 h6 19. Nh3 Bh5 20. Qc1 Nd7 21. Rc3 e5
22. Re1 e4 23. Bc2 Nf6 24. Bb3 Bf7 25. Bxh6 Ng4 26. Rg3 Nxh6 27. Qxh6 Be6 28.
Qh5 Rf5 29. Ng5 Rxg5 30. Rxg5 Nxd4 31. Bxd5 Rd8 32. Bxe6+ Qxe6 33. Re5 Ne2+ 34.
Kh1 1-0

[Event "Werner-Ott-Open Kreuzberger Sommer 2017"]
[Site "Berlin"]
[Date "2017.07.16"]
[Round "2.7"]
[White "Kuehn, Timo"]
[Black "Von Herman, Ulf"]
[Result "0-1"]
[WhiteElo "1914"]
[BlackElo "2313"]
[PlyCount "82"]
[EventDate "2017.??.??"]
[WhiteTeam "SV Unterkochen"]
[BlackTeam "SK Koenig Tegel 1949"]

1. Nc3 d5 2. e4 e6 3. exd5 exd5 4. d4 Bb4 5. Nf3 Nf6 6. Be2 Ne4 7. O-O Bxc3 8.
bxc3 O-O 9. Bb2 Be6 10. Nd2 Nd6 11. Ba3 Nc6 12. f4 f6 13. Bd3 Qd7 14. Qf3 Rfe8
15. Bxd6 cxd6 16. f5 Bf7 17. Rae1 Na5 18. Rb1 Qc7 19. Qg4 Qxc3 20. Rbd1 Nc4 21.
Bxc4 Qe3+ 22. Kh1 dxc4 23. Nf3 Bd5 24. Qg3 Qe7 25. h3 Be4 26. Rde1 Qd7 27. Nd2
Bd5 28. Re3 Rxe3 29. Qxe3 Re8 30. Qf2 Qe7 31. Nf3 Qe2 32. Kg1 Re3 33. Qg3 Bxf3
34. gxf3 Qxc2 35. Qf4 Re2 36. Qxd6 Qxf5 37. Qb8+ Kf7 38. Qxb7+ Kg6 39. Qb1 Rc2
40. f4 Qd3 41. f5+ Kh6 0-1

[Event "Werner-Ott-Open Kreuzberger Sommer 2017"]
[Site "Berlin"]
[Date "2017.07.16"]
[Round "2.8"]
[White "Barath, Madhan"]
[Black "Hiller, Bernd"]
[Result "1-0"]
[WhiteElo "2178"]
[BlackElo "1814"]
[PlyCount "51"]
[EventDate "2017.??.??"]
[WhiteTeam "SC Zugzwang 95"]
[BlackTeam "SV Berolina Mitte"]

1. e4 d5 2. exd5 Nf6 3. d4 Nxd5 4. c4 Nf6 5. Nf3 Bg4 6. Be2 e6 7. Nc3 Be7 8.
O-O O-O 9. h3 Bh5 10. Qb3 Qc8 11. g4 Bg6 12. Ne5 Nbd7 13. Bf3 Rb8 14. Nxg6 hxg6
15. Re1 a6 16. c5 Re8 17. Bf4 Nh7 18. Qc4 Bf6 19. Bg3 e5 20. Bd5 Ng5 21. h4 c6
22. hxg5 cxd5 23. Qxd5 Bxg5 24. dxe5 Rd8 25. e6 fxe6 26. Qxe6+ 1-0

[Event "Werner-Ott-Open Kreuzberger Sommer 2017"]
[Site "Berlin"]
[Date "2017.07.16"]
[Round "2.9"]
[White "Schwedek, Tony"]
[Black "Polatel, Ali"]
[Result "0-1"]
[WhiteElo "1992"]
[BlackElo "2211"]
[PlyCount "160"]
[EventDate "2017.??.??"]
[WhiteTeam "SC Zitadelle Spandau 1977"]
[BlackTeam "SC Zugzwang 95"]

1. c4 c6 2. g3 d5 3. Nf3 Nf6 4. Bg2 g6 5. b3 Bg7 6. Bb2 O-O 7. O-O a5 8. d3 Bg4
9. Nbd2 a4 10. h3 Bxf3 11. Nxf3 a3 12. Bc3 Na6 13. Rc1 e6 14. Qc2 Qe7 15. e4
dxe4 16. dxe4 Rfd8 17. Rfd1 Rxd1+ 18. Rxd1 Rd8 19. Rxd8+ Qxd8 20. b4 Ne8 21. e5
Bf8 22. c5 Nec7 23. Bf1 Nd5 24. Bxa6 bxa6 25. Nd4 Nxc3 26. Qxc3 Qd5 27. Nb3
Qd1+ 28. Kg2 Qe2 29. Nd2 Bh6 30. Nc4 Qe4+ 31. Kg1 Qb1+ 32. Kg2 Qe4+ 33. Kg1
Qb1+ 34. Kg2 Qxa2 35. Nxa3 Bd2 36. Qd3 Qd5+ 37. Qxd5 exd5 38. Nc2 Bc3 39. Kf1
Bxe5 40. Ke2 f5 41. Kd3 Kf7 42. f4 Bb2 43. Ne3 Ke6 44. Nc2 h6 45. h4 Bf6 46.
Ke3 h5 47. Kd3 Kd7 48. Ne1 Bd8 49. Nf3 Bc7 50. Kd4 Ke6 51. Ng5+ Ke7 52. Nf3 Kf6
53. Ke3 a5 54. bxa5 Bxa5 55. Ne5 Bb4 56. Nd3 Bc3 57. Kf3 Ke6 58. Ke2 Bd4 59.
Kf3 Kd7 60. Ke2 Kc7 61. Kf3 Kb7 62. Ke2 Ka6 63. Ne5 Bxe5 64. fxe5 Kb7 65. Ke3
Kc7 66. Kd3 Kd7 67. Ke3 Ke6 68. Kd4 g5 69. hxg5 f4 70. gxf4 Kf5 71. Ke3 h4 72.
Kf3 d4 73. e6 Kxe6 74. Kg4 d3 75. f5+ Kf7 76. Kh5 d2 77. Kh6 d1=Q 78. g6+ Kf6
79. g7 Qg4 80. g8=Q Qxg8 0-1

[Event "Werner-Ott-Open Kreuzberger Sommer 2017"]
[Site "Berlin"]
[Date "2017.07.16"]
[Round "2.10"]
[White "Niehaus, Frank"]
[Black "Dathe, Frederick"]
[Result "1-0"]
[WhiteElo "2121"]
[BlackElo "1841"]
[PlyCount "45"]
[EventDate "2017.??.??"]
[WhiteTeam "SK Koenig Tegel 1949"]
[BlackTeam "SC Kreuzberg"]

1. e4 g6 2. Nc3 Bg7 3. f4 d6 4. Nf3 a6 5. d4 b5 6. Bd3 Nd7 7. a4 b4 8. Ne2 c5
9. c3 bxc3 10. bxc3 Qc7 11. O-O Bb7 12. Kh1 Ngf6 13. e5 Nd5 14. Rb1 Rb8 15. e6
fxe6 16. Ng5 Nf8 17. Qc2 cxd4 18. Nxd4 Qxc3 19. Ndxe6 Nxe6 20. Nxe6 Kf7 21.
Ng5+ Kg8 22. Qe2 Qf6 23. Bc4 1-0

[Event "Werner-Ott-Open Kreuzberger Sommer 2017"]
[Site "Berlin"]
[Date "2017.07.16"]
[Round "2.11"]
[White "Krueger, Robin Kevin"]
[Black "Burchardt, Brigitte"]
[Result "1/2-1/2"]
[WhiteElo "1984"]
[BlackElo "2137"]
[PlyCount "51"]
[EventDate "2017.??.??"]
[WhiteTeam "MTV Tostedt"]
[BlackTeam "SC Rotation Pankow"]

1. e4 c5 2. d4 cxd4 3. c3 d3 4. Bxd3 Nc6 5. Nf3 d6 6. O-O Nf6 7. h3 g6 8. c4
Bg7 9. Nc3 O-O 10. Be3 Nd7 11. Rc1 Nde5 12. Be2 Qa5 13. Qd2 Be6 14. b3 Nxf3+
15. Bxf3 a6 16. Nd5 Qxd2 17. Bxd2 Rac8 18. Bg4 Bxg4 19. hxg4 Rfe8 20. Be3 Bd4
21. Rfd1 Bxe3 22. Nxe3 Kg7 23. f3 Nd8 24. Kf2 Ne6 25. Nd5 Nd8 26. Ke3 {(=)}
1/2-1/2

[Event "Werner-Ott-Open Kreuzberger Sommer 2017"]
[Site "Berlin"]
[Date "2017.07.16"]
[Round "2.12"]
[White "Krefenstein, Sergej"]
[Black "Lange, Cecilia"]
[Result "1-0"]
[WhiteElo "2086"]
[BlackElo "1917"]
[PlyCount "71"]
[EventDate "2017.??.??"]
[WhiteTeam "TuS Makkabi Berlin"]
[BlackTeam "TSG Oberschoeneweide"]

1. d4 d5 2. c4 e6 3. Nc3 Nf6 4. cxd5 exd5 5. Bg5 Be7 6. e3 O-O 7. Bd3 Nbd7 8.
Qc2 h6 9. Bf4 c5 10. Nf3 cxd4 11. exd4 Re8 12. O-O Nf8 13. h3 Ne6 14. Be5 Ng5
15. Nxg5 hxg5 16. Qb3 b6 17. Nb5 Ba6 18. Nc7 Bxd3 19. Qxd3 Rc8 20. Nxe8 Qxe8
21. Rac1 Qd7 22. Qa6 Rxc1 23. Rxc1 Ne8 24. Qc8 Qxc8 25. Rxc8 Kf8 26. Ra8 f6 27.
Bg3 Kf7 28. Rxa7 Ke6 29. a4 f5 30. Be5 Nf6 31. Rb7 Nd7 32. Bc7 Bf6 33. Bxb6
Nxb6 34. Rxb6+ Kd7 35. Rxf6 gxf6 36. f4 1-0

[Event "Werner-Ott-Open Kreuzberger Sommer 2017"]
[Site "Berlin"]
[Date "2017.07.16"]
[Round "2.13"]
[White "Di Candia, Roberto"]
[Black "Kauschmann, Herbert"]
[Result "0-1"]
[WhiteElo "1925"]
[BlackElo "2086"]
[PlyCount "52"]
[EventDate "2017.??.??"]
[WhiteTeam "SF Berlin 1903"]
[BlackTeam "BSC Rehberge 1945"]

1. e4 g6 2. d4 Bg7 3. Nc3 d6 4. Be3 c6 5. Nf3 b5 6. Bd3 a6 7. Ne2 Nd7 8. c3 Bb7
9. O-O Qc7 10. Qd2 Ngf6 11. h3 e5 12. Ng3 h5 13. Bg5 Nf8 14. Rfe1 N6d7 15. d5
f6 16. Be3 h4 17. Nf1 c5 18. b4 Kf7 19. c4 bxc4 20. Bxc4 cxb4 21. Qxb4 Bh6 22.
Rec1 Bxe3 23. Nxe3 Nc5 24. a4 Nfd7 25. a5 Rab8 26. Qa4 Nxa4 0-1

[Event "Werner-Ott-Open Kreuzberger Sommer 2017"]
[Site "Berlin"]
[Date "2017.07.16"]
[Round "2.14"]
[White "Roho, Kevin"]
[Black "Gebigke, Martin"]
[Result "1/2-1/2"]
[WhiteElo "1869"]
[BlackElo "2078"]
[PlyCount "39"]
[EventDate "2017.??.??"]
[WhiteTeam "SC Weisse Dame"]
[BlackTeam "SC Kreuzberg"]

1. e4 c5 2. Nf3 d6 3. d3 Nf6 4. g3 g6 5. Bg2 Bg7 6. O-O O-O 7. c3 Nc6 8. Re1 e5
9. d4 exd4 10. cxd4 Bg4 11. dxc5 dxc5 12. Nc3 Nd4 13. Bg5 h6 14. Be3 Nd7 15.
Bxd4 cxd4 16. Nd5 Ne5 17. Qb3 Nxf3+ 18. Bxf3 Be6 19. Qd3 Rc8 20. Rac1 {(=)}
1/2-1/2

[Event "Werner-Ott-Open Kreuzberger Sommer 2017"]
[Site "Berlin"]
[Date "2017.07.16"]
[Round "2.15"]
[White "Boettcher, Patrick"]
[Black "Plaza Reino, Agustin"]
[Result "1-0"]
[WhiteElo "2056"]
[BlackElo "1861"]
[PlyCount "51"]
[EventDate "2017.??.??"]
[WhiteTeam "SC Zitadelle Spandau 1977"]
[BlackTeam "Enniscorthy CC"]

1. e4 c5 2. Nf3 e6 3. d4 cxd4 4. Nxd4 a6 5. Bd3 Nf6 6. O-O Qc7 7. c4 Nc6 8.
Nxc6 dxc6 9. Nc3 Bd6 10. f4 e5 11. f5 O-O 12. Be3 Nd7 13. Bc2 Rd8 14. Qh5 b6
15. Rf3 a5 16. Rh3 Nf8 17. g4 Bb4 18. f6 gxf6 19. Rf1 Qe7 20. Bh6 Ng6 21. Bg5
fxg5 22. Qxh7+ Kf8 23. Qxg6 Qc5+ 24. Kh1 Be6 25. Qxe6 Qe7 26. Rh8+ 1-0

[Event "Werner-Ott-Open Kreuzberger Sommer 2017"]
[Site "Berlin"]
[Date "2017.07.16"]
[Round "2.16"]
[White "Krieger, Fabian"]
[Black "Federau, Juergen"]
[Result "0-1"]
[WhiteElo "1807"]
[BlackElo "2062"]
[PlyCount "80"]
[EventDate "2017.??.??"]
[WhiteTeam "SV Mattnetz Berlin"]
[BlackTeam "SC Kreuzberg"]

1. d4 g6 2. Nf3 Bg7 3. c4 d6 4. Nc3 Nd7 5. e4 e5 6. Bg5 Ne7 7. Be2 O-O 8. O-O
h6 9. Bh4 g5 10. Bg3 Ng6 11. dxe5 dxe5 12. Ne1 Nc5 13. Nc2 Nf4 14. f3 c6 15.
Bf2 Nce6 16. Qxd8 Rxd8 17. Rfd1 Nd4 18. Nxd4 exd4 19. Bf1 Be6 20. Ne2 Nxe2+ 21.
Bxe2 c5 22. Rab1 a5 23. Bd3 Be5 24. Bg3 f6 25. Rf1 Bxg3 26. hxg3 Rf8 27. f4
Rae8 28. Rbe1 Bd7 29. Re2 Bc6 30. Rfe1 b6 31. a3 Kg7 32. b4 axb4 33. axb4 Ra8
34. e5 Ra3 35. exf6+ Rxf6 36. Re7+ Kf8 37. b5 Bxb5 38. fxg5 hxg5 39. Bh7 Bxc4
40. Re8+ Kg7 0-1

[Event "Werner-Ott-Open Kreuzberger Sommer 2017"]
[Site "Berlin"]
[Date "2017.07.16"]
[Round "2.17"]
[White "Grassi, Fabrizio"]
[Black "Bolk, Matthias"]
[Result "1/2-1/2"]
[WhiteElo "1783"]
[BlackElo "2042"]
[PlyCount "79"]
[EventDate "2017.??.??"]
[WhiteTeam "SV Berlin-Friedrichstadt"]
[BlackTeam "SC Kreuzberg"]

1. d4 g6 2. Bf4 Bg7 3. Nf3 d6 4. e3 Nf6 5. Be2 O-O 6. O-O Nfd7 7. c4 Nc6 8. Nc3
e5 9. Bg3 Re8 10. Bh4 f6 11. d5 Ne7 12. e4 a5 13. a3 h6 14. Qc2 Rf8 15. b4 g5
16. Bg3 f5 17. exf5 Nxf5 18. Bd3 Nxg3 19. hxg3 Nf6 20. Nd2 Ng4 21. Nde4 Qe8 22.
Be2 Nf6 23. Nxf6+ Bxf6 24. Ne4 Bf5 25. Bd3 Qd7 26. Nxf6+ Rxf6 27. Bxf5 Rxf5 28.
Qe4 Kg7 29. b5 b6 30. Rae1 Raf8 31. Qd3 R8f6 32. Re4 Qf7 33. Qe2 Kf8 34. g4 Rf4
35. Rxf4 Rxf4 36. Re1 Ke7 37. a4 Qg6 38. f3 Kd7 39. g3 Rf7 40. Kg2 1/2-1/2

[Event "Werner-Ott-Open Kreuzberger Sommer 2017"]
[Site "Berlin"]
[Date "2017.07.16"]
[Round "2.18"]
[White "Jess, Arne"]
[Black "Kirchhof, Arno"]
[Result "1-0"]
[WhiteElo "1810"]
[BlackElo "1984"]
[PlyCount "29"]
[EventDate "2017.??.??"]
[WhiteTeam "TSG Fredersdorf/Vogelsdorf"]
[BlackTeam "SC Zugzwang 95"]

1. e4 e6 2. d4 d5 3. Nc3 Bb4 4. e5 c5 5. Bd2 Ne7 6. dxc5 Bxc5 7. Na4 Qc7 8.
Nxc5 Qxc5 9. Bd3 Nbc6 10. f4 O-O 11. Nf3 Nb4 12. Bxh7+ Kxh7 13. Ng5+ Kg6 14.
Qg4 f5 15. Qh4 1-0

[Event "Werner-Ott-Open Kreuzberger Sommer 2017"]
[Site "Berlin"]
[Date "2017.07.16"]
[Round "2.19"]
[White "Woerz, Markus"]
[Black "Ruether, Marc"]
[Result "1-0"]
[WhiteElo "1910"]
[BlackElo "1761"]
[PlyCount "53"]
[EventDate "2017.??.??"]
[WhiteTeam "SC Kreuzberg"]
[BlackTeam "Queer-Springer SSV"]

1. e4 c5 2. Nc3 Nc6 3. Nf3 e6 4. d4 cxd4 5. Nxd4 a6 6. Nxc6 bxc6 7. Bd3 d5 8.
O-O Bd6 9. Qe2 d4 10. Na4 e5 11. f4 Qa5 12. b3 exf4 13. Nb2 Qc7 14. Nc4 f3 15.
Nxd6+ Qxd6 16. Qxf3 Be6 17. Bf4 Qd7 18. Qg3 Kf8 19. Be5 f6 20. Bd6+ Kf7 21. Bc4
Nh6 22. Rad1 Ng4 23. Be2 h5 24. Rxd4 Qc8 25. Rd3 {Partieverlauf unklar. Auf
beiden handschriftlichen Notationen ist der unmögliche Zug Td6 notiert.
Vermuteter Verlauf.} h4 26. Qf4 Ne5 27. Qxe5 1-0

[Event "Werner-Ott-Open Kreuzberger Sommer 2017"]
[Site "Berlin"]
[Date "2017.07.16"]
[Round "2.20"]
[White "Racik, Marek"]
[Black "Sechting, Martin"]
[Result "1-0"]
[WhiteElo "1747"]
[BlackElo "1906"]
[PlyCount "77"]
[EventDate "2017.??.??"]
[WhiteTeam "SV Berolina Mitte"]
[BlackTeam "SC Weisse Dame"]

1. d4 d5 2. Nc3 c5 3. Nf3 e6 4. e4 cxd4 5. Qxd4 Nc6 6. Bb5 Bd7 7. Qd1 dxe4 8.
Nxe4 Qa5+ 9. Nc3 Bb4 10. Bd2 Nf6 11. Qe2 a6 12. Bc4 b5 13. Bd3 Qb6 14. O-O O-O
15. Rad1 h6 16. Ne4 Nxe4 17. Bxe4 Rad8 18. Bxc6 Bxd2 19. Bxd7 Bf4 20. Qe4 Qc7
21. Qc6 Qa7 22. Rd4 Bc7 23. Rfd1 Bb6 24. R4d2 Rb8 25. Ne5 Bc7 26. Qe4 Bxe5 27.
Qxe5 Rb6 28. Rd6 Qb8 29. Qc5 Rxd6 30. Rxd6 Rd8 31. g3 Kh8 32. b3 f6 33. Rc6 Qb7
34. Rc7 Qe4 35. Qc6 Qe1+ 36. Kg2 e5 37. Rc8 Rxc8 38. Bxc8 e4 39. Qe8+ 1-0

[Event "Werner-Ott-Open Kreuzberger Sommer 2017"]
[Site "Berlin"]
[Date "2017.07.16"]
[Round "2.19"]
[White "Woerz, Markus"]
[Black "Ruether, Marc"]
[Result "1-0"]
[WhiteElo "1910"]
[BlackElo "1761"]
[PlyCount "53"]
[EventDate "2017.??.??"]
[WhiteTeam "SC Kreuzberg"]
[BlackTeam "Queer-Springer SSV"]

1. e4 c5 2. Nc3 Nc6 3. Nf3 e6 4. d4 cxd4 5. Nxd4 a6 6. Nxc6 bxc6 7. Bd3 d5 8.
O-O Bd6 9. Qe2 d4 10. Na4 e5 11. f4 Qa5 12. b3 exf4 13. Nb2 Qc7 14. Nc4 f3 15.
Nxd6+ Qxd6 16. Qxf3 Be6 17. Bf4 Qd7 18. Qg3 Kf8 19. Be5 f6 20. Bd6+ Kf7 21. Bc5
Nh6 22. Rad1 Ng4 23. Be2 h5 24. Rxd4 Qc8 25. Rd6 h4 26. Qf4 Ne5 27. Qxe5 1-0